000 00717nam a22002297a 4500
003 UA-OsUOA
001 91315
007 ta
008 20121127b un ||||| |||| 00| 0 ukr d
090 _a159.955
_bТ33
942 _cBK
040 _aUA-OsUOA
_bukr
_cUA-OsUOA
_dUA-OsUOA
245 _aТеорія смислу в гуманітарних дослідженнях та інтенсіональні моделі в точних науках
_cза ред. Поповича М. В.
300 _a455 с.
955 _a1
041 _aukr
080 _a159.955
020 _a978-966-00-1170-0
260 _aК.
_bНаукова думка
_c2012
650 7 _a159.9 Психологія
_2UDC
999 _c377515
_d377515